000 00461nam a2200157Ia 4500
003 GCL
008 140319s9999 xx 000 0 eng d
040 _aGCL /
_cGCL
082 0 4 _a540
_bW I
100 1 _aWISMER, ROBERT K.
245 1 0 _aINSTRUCTOR'S MANUAL: TO ACCOMPANY PETRUCCI AND HARWOOD'S GENERAL CHEMISTRY /
_cWISMER, ROBERT K.
260 _a[S.N] :
_bMACMILIAN PUBLISHING COMPANY ،
_c1993
300 _a197 P
650 0 4 _aCHEMISTRY
942 _2ddc
_cBK
999 _c20111
_d20111